Celebrity anagrams! Quiz Stats

 Plays Quiz not verified by Sporcle

Support Sporcle.
Go Orange.
Score 0/25 Timer 05:00
0 Plays Today
Anagram Answer % Correct
Daly AggaLady Gaga
92%
Mji YacerrJim Carrey
88.4%
Drab TiptBrad Pitt
85.5%
Honnjy PepdJohnny Depp
84.1%
Ttam El ClanbMatt le Blanc
79.7%
Mied RoomeDemi Moore
75.4%
Kinc SojanNick Jonas
74.6%
Minos WollecSimon Cowell
73.2%
Vae RialoongEva Longoria
69.6%
Raty NabksTyra Banks
69.6%
Fennreji ZeploJennifer Lopez
67.4%
Liarhy kwansHilary Swank
67.4%
Acz ForneZac Efron
66.7%
Anagram Answer % Correct
Namge OxfMegan Fox
66.7%
Sellsur DranbRussell Brand
64.5%
Macoren ZaidCameron Diaz
62.3%
Nujits ReebibJustin Bieber
62.3%
Hias BalfoueShia LaBeouf
56.5%
Nojh LorvatatJohn Travolta
53.6%
Harop FriwyenOprah Winfrey
52.2%
lemry TeerpsMeryl Streep
49.3%
HarninaRihanna
47.8%
Liantea RotmapnNatalie Portman
47.1%
Yobceen LowenksBeyonce Knowles
37.7%
Yolrat NerlutaTaylor lautner
31.9%

You're not logged in!

Compare scores with friends on all Sporcle quizzes.
OR
Log In
Forgot?

From the Vault

MLB MVP, Gold Glove, & Silver Slugger

by LucasEwalt

These players were always a threat to win the Triple Crown.
Remove Ads.
Support Sporcle.
Get the best of Sporcle when you Go Orange. This ad-free experience offers more features, more stats, and more fun while also helping to support Sporcle. Thank you for becoming a member.

Show Comments

Extras

Created Feb 27, 2011ReportNominate
Tags:Celebrity Quiz, anagrams, Known

Top Quizzes Today


Score Distribution

Your Account Isn't Verified!

In order to create a playlist on Sporcle, you need to verify the email address you used during registration. Go to your Sporcle Settings to finish the process.

Report this User

Report this user for behavior that violates our Community Guidelines.

Details: